Statistics for 30 Airport Codes Quiz

Click here to take the quiz!

General Stats

  • This quiz has been taken 38 times
  • The average score is 20 of 30

Answer Stats

CityAirport Code% Correct
John F. Kennedy, New YorkJFK
94%
Dallas/Fort Worth, TexasDFW
88%
Mexico City, MexicoMEX
88%
Austin, TexasAUS
85%
Pittsburgh, PennsylvaniaPIT
85%
Seattle/Tacoma, WashingtonSEA
85%
Salt Lake City, UtahSLC
85%
Memphis, TennesseeMEM
82%
El Paso, TexasELP
76%
La Guardia, New YorkLGA
76%
Philadelphia, PennsylvaniaPHL
76%
Albuquerque, New MexicoABQ
71%
Cleveland, OhioCLE
71%
Houston, George Bush Intercontinental, TexasIAH
71%
Cancun, MexicoCUN
68%
Oklahoma City, OklahomaOKC
68%
San Juan, Puerto RicoSJU
68%
Charlotte, North CarolinaCLT
65%
Portland, OregonPDX
65%
Richmond, VirginiaRIC
62%
Montego Bay, JamaicaMBJ
59%
Raleigh/Durham, North CarolinaRDU
59%
San Antonio, TexasSAT
59%
Punta Cana, Dominican RepublicPUJ
56%
Cincinnati, OhioCVG
53%
Washington, Ronald Raegan National, VirginiaDCA
53%
Charleston, South CarolinaCHS
47%
Norfolk, VirginiaORF
47%
Nashville, TennesseeBNA
41%
Columbus, OhioCMH
41%

Score Distribution

Percentile by Number Answered

Percent of People with Each Score

Your Score History

You have not taken this quiz